000 00462nam a2200169Ia 4500
999 _c28887
_d28887
003 OSt
005 20201127113022.0
008 190216s9999||||xx |||||||||||||| ||und||
040 _coclc
082 _a894.8123
_bBOS/A
100 _aBose, Batten
_96515
245 0 _aAsthram /
_cBatten Bose
260 _bOrient Publishers,
_aKozhikode:
_c2004.
300 _a224p
650 _aNovel
942 _cBK
_2ddc
_h894.8123
_iBOS/A
_k894.8123
_mBOS/A